000
00532nam a2200133Ia 4500
008
100328s9999 xx 000 0 und d
082
_b
17069
100
_a
लल्ला योगेन्द्रकुमार
245
_a
मक्खी और मच्छर की कहानी
260
_b
आत्माराम अॅन्ड सन्स
630
_a
मक्खी और मच्छर की कहानी
730
_a
मक्खी और मच्छर की कहानी
942
_c
BOOK
999
_c
511698
_d
511695